| 000 | 00656nam a2200229Ia 4500 | ||
|---|---|---|---|
| 003 | OSt | ||
| 005 | 20220928130733.0 | ||
| 006 | a|||||r|||| 00| 0 | ||
| 007 | ta | ||
| 008 | 220927b |||||||| |||| 00| 0 eng d | ||
| 024 | _a57651 | ||
| 037 | _cTextual | ||
| 040 |
_aSDCL _cSDCL _beng |
||
| 041 |
_2eng _aeng |
||
| 082 | _aV498'N1, D5 | ||
| 100 |
_aWaddell L Austine _9475863 |
||
| 245 | 0 |
_aLhasa and its mysteries _b With a record of the expedition of 1903-1904 |
|
| 260 |
_aDelhi _bSanskaran Prakashan _c1905 |
||
| 300 |
_axxii,527p _ccm. |
||
| 942 |
_hV498'N1, D5 _cTEXL _2CC |
||
| 999 |
_c788327 _d788327 |
||